Producción primaria en el ecosistema Cienaga Grande de Santa Marta, Laguna costera del Caribe colombiano (Registro nro. 16121)
[ vista simple ]
| 000 -CABECERA | |
|---|---|
| Campo de control | 004250000a22001210004500 |
| 090 ## - CLASIFICACIÓN LOCAL | |
| Colección | AS |
| Consecutivo | Seriadas |
| 041 0# - IDIOMA | |
| Código de idioma para texto/pista de sonido o título separado | |
| 100 1# - ASIENTO PRINCIPAL--NOMBRE PERSONAL | |
| Nombre personal | Hernández J., Carlos A. |
| 245 10 - MENCION DE TITULO | |
| Título | Producción primaria en el ecosistema Cienaga Grande de Santa Marta, Laguna costera del Caribe colombiano |
| 700 1# - ASIENTO SECUNDARIO - NOMBRE PERSONAL | |
| Nombre personal | Marquez C., Germán E. |
| 773 1# - Item fuente: | |
| Título | Trianea |
| Datos de la serie | Acta Científica y Tecnológica |
| Descripción física | 4 |
| Paginas del Articulo | 385-407 |
| Lugar, editorial y fecha de publicación | 1991 |
| 942 ## - ELEMENTOS ADICIONALES (KOHA) | |
| Tipo de ítem | Artículo |
No hay ítems disponibles.